000 00517nam a2200217Ia 4500
005 20250425162122.0
008 250425s9999 xx 000 0 und d
020 _a0801818184
041 _aeng
082 _a658.1552
100 _aSQUIRE, LYN
245 0 _aECONOMIC ANALYSIS OF PROJECTS
250 _a1ST ED.
260 _aEstados Unidos
_bWORLD BANK
_c1975
260 _aWASHINGTON
300 _a1530
650 _aEFECTIVIDAD DE COSTOS
650 _aGASTOS PUBLICOS
942 _c01
010 _a51157
999 _c222708
_d222708